Caste, discrimination, and exclusion in modern India / (Record no. 5905)
[ view plain ]
| 000 -LEADER | |
|---|---|
| fixed length control field | 00831cam a2200253 i 4500 |
| 001 - CONTROL NUMBER | |
| control field | 18635025 |
| 005 - DATE AND TIME OF LATEST TRANSACTION | |
| control field | 20240614054141.0 |
| 008 - FIXED-LENGTH DATA ELEMENTS--GENERAL INFORMATION | |
| fixed length control field | 150528s2015 cauab b 001 0 eng |
| 020 ## - INTERNATIONAL STANDARD BOOK NUMBER | |
| ISBN | 9789351502678 |
| 040 ## - CATALOGING SOURCE (பட்டியலாக்க மூலம்) | |
| Original cataloging agency | DLC |
| Language of cataloging | eng |
| Transcribing agency | DLC |
| Description conventions | rda |
| Modifying agency | DLC |
| 082 00 - DDC Classification | |
| Class No. | 305.5/1220954 |
| DDC Edition Number | 23 |
| Item Number - Author Mark | CAS |
| 100 1# - MAIN ENTRY--PERSONAL NAME | |
| Personal name | Borooah, Vani Kant |
| 245 10 - TITLE STATEMENT | |
| Title | Caste, discrimination, and exclusion in modern India / |
| Statement of responsibility, etc. | Vani Kant Borooah, Nidhi Sadana Sabharwal, Dilip G. Diwakar, Vinod Kumar Mishra, Ajaya Kumar Naik. |
| 260 ## - PUBLICATION, DISTRIBUTION, ETC. | |
| Place of publication, distribution, etc. | New Delhi |
| Name of publisher, distributor, etc. | SAGE Publications India Pvt Ltd |
| Date of publication, distribution, etc. | 2015 |
| 300 ## - PHYSICAL DESCRIPTION | |
| Extent (e.g. Volumes, Pages etc.) | xl, 337 pages : |
| 650 #0 - SUBJECT ADDED ENTRY--TOPICAL TERM | |
| Topical term or geographic name entry element | Caste |
| 650 #0 - SUBJECT ADDED ENTRY--TOPICAL TERM | |
| Topical term or geographic name entry element | Social stratification |
| 650 #0 - SUBJECT ADDED ENTRY--TOPICAL TERM | |
| Topical term or geographic name entry element | Equality |
| 650 #0 - SUBJECT ADDED ENTRY--TOPICAL TERM | |
| Topical term or geographic name entry element | Political planning |
| 650 #0 - SUBJECT ADDED ENTRY--TOPICAL TERM | |
| Topical term or geographic name entry element | Reverse discrimination |
| 700 1# - ADDED ENTRY--PERSONAL NAME | |
| Personal name | Sabharwal, Nidhi Sadana. |
| Relator term (Role) | Editor |
| 700 1# - ADDED ENTRY--PERSONAL NAME | |
| Personal name | Diwakar, Dilip G. |
| Relator term (Role) | Editor |
| 942 ## - Koha item type (Biblio) | |
| Koha item type | Books in Stacks (Lending) |
| Lost status | Damaged status | Collection code | Home library | Current library | Date acquired | Full call number | Accession Number | Item type |
|---|---|---|---|---|---|---|---|---|
| Lending | WERC Library | WERC Library | 06/14/2024 | 305.5/1220954 CAS | 7050 | Books in Stacks (Lending) |
